MARC details
| 000 -LEADER |
| campo de control de longitud fija |
02579nam a2200397 i 4500 |
| 001 - NÚMERO DE CONTROL |
| campo de control |
196912 |
| 003 - IDENTIFICADOR DE NÚMERO DE CONTROL |
| campo de control |
ES-MaACL |
| 005 - FECHA Y HORA DE LA ÚLTIMA TRANSACCIÓN |
| campo de control |
20250811065744.0 |
| 008 - DATOS DE LONGITUD FIJA--INFORMACIÓN GENERAL |
| campo de control de longitud fija |
250128e2024 sp a|||| |||| 00| 0 spa d |
| 024 7# - IDENTIFICADOR DE OTROS ESTÁNDARES |
| Número estándar o código |
151-24-031-7 |
| Fuente del número o código |
nipo |
| 040 ## - FUENTE DE CATALOGACIÓN |
| Lengua de catalogación |
spa |
| Centro/agencia transcriptor |
ES-MaACL |
| 080 ## - NÚMERO DE LA CLASIFICACIÓN DECIMAL UNIVERSAL |
| Número de la Clasificación Decimal Universal |
001.891 |
| 080 ## - NÚMERO DE LA CLASIFICACIÓN DECIMAL UNIVERSAL |
| Número de la Clasificación Decimal Universal |
7.05 |
| 245 00 - MENCIÓN DEL TÍTULO |
| Título |
Primer Foro Iberoamericano de Investigación y Diseño |
| 246 1# - FORMA VARIANTE DEL TITULO |
| Título propio/Titulo breve |
I Foro Iberoamericano de Investigación y Diseño |
| 260 ## - PUBLICACIÓN, DISTRIBUCIÓN, ETC. |
| Lugar de publicación, distribución, etc. |
Madrid : |
| Nombre del editor, distribuidor, etc. |
Ministerio de Ciencia, Innovación y Universidades, Secretaría General de Innovación, |
| Fecha de publicación, distribución, etc. |
2024 |
| 300 ## - DESCRIPCIÓN FÍSICA |
| Extensión |
3 volúmenes (217 ; 183 ; 235 páginas) : |
| Otras características físicas |
fotografías (blanco y negro y color), ilustraciones (blanco y negro y color) ; |
| Dimensiones |
24 cm |
| 336 ## - TIPO DE CONTENIDO |
| Fuente |
rdacontent |
| Término de tipo de contenido |
texto |
| 337 ## - TIPO DE MEDIO |
| Fuente |
rdamedia |
| Nombre/término del tipo de medio |
sin mediación |
| 338 ## - TIPO DE SOPORTE |
| Fuente |
rdacarrier |
| Nombre/término del tipo de soporte |
volumen |
| 500 ## - NOTA GENERAL |
| Nota general |
Índice |
| 505 0# - NOTA DE CONTENIDO CON FORMATO |
| Nota de contenido con formato |
Vol. 1. El diseño en el Foro - v. 2-3. Proyectos de investigación |
| 520 ## - RESUMEN, ETC. |
| Sumario, etc. |
El diseño y la investigación de Iberoamérica necesitan un impulso coordinado y urgente. Sólo así podrán jugar el papel que les corresponde, de activadores de la economía y el desarrollo social de nuestros países. Activar este potencial de la investigación y el diseño es esencial para crear comunidad, no sólo para los investigadores y los profesionales del diseño, sino para las universidades, las empresas, las instituciones públicas y para el conjunto de la sociedad. Esta activación puede convertir en un caudal el intenso trabajo que los profesionales y las redes de investigación vienen desarrollando en los últimos años |
| 530 ## - NOTA DISPONIBLE DE FORMULARIO FÍSICO ADICIONAL |
| Nota de formato físico adicional disponible |
Disponible en formato digital |
| 650 #4 - PUNTO DE ACCESO ADICIONAL DE MATERIA--TÉRMINO DE MATERIA |
| Término de materia o nombre geográfico como elemento de entrada |
Investigación- |
| Subdivisión de forma |
Congresos y asambleas |
| 9 (RLIN) |
241535 |
| 650 #4 - PUNTO DE ACCESO ADICIONAL DE MATERIA--TÉRMINO DE MATERIA |
| Término de materia o nombre geográfico como elemento de entrada |
Diseño- |
| Subdivisión de forma |
Congresos y asambleas |
| 9 (RLIN) |
241536 |
| 710 1# - ENTRADA AGREGADA--NOMBRE DE ENTIDAD CORPORATIVA |
| Nombre de entidad corporativa o nombre de jurisdicción como elemento de entrada |
España. |
| Unidad subordinada |
Ministerio de Ciencia, Innovación y Universidades |
| Término indicativo de función/relación |
Editor |
| 9 (RLIN) |
241600 |
| 852 ## - LOCALIZACIÓN |
| Ubicación |
ES-MaACL |
| Ubicación en estantería |
Depósito J |
| Donativo/Legado |
Donación Ministerio de Ciencia, Innovación y Universidades |
| Número de control de estantería |
N-10319 |
| Designación de la unidad física |
v. 1 |
| itemnumber |
204585 |
| 852 ## - LOCALIZACIÓN |
| Ubicación |
ES-MaACL |
| Ubicación en estantería |
Depósito J |
| Donativo/Legado |
Donación Ministerio de Ciencia, Innovación y Universidades |
| Número de control de estantería |
N-10320 |
| Designación de la unidad física |
v. 2 |
| itemnumber |
204586 |
| 852 ## - LOCALIZACIÓN |
| Ubicación |
ES-MaACL |
| Ubicación en estantería |
Depósito J |
| Donativo/Legado |
Donación Ministerio de Ciencia, Innovación y Universidades |
| Número de control de estantería |
N-10321 |
| Designación de la unidad física |
v. 3 |
| itemnumber |
204587 |
| 856 4# - LOCALIZACIÓN Y ACCESO ELECTRÓNICOS |
| Identificador Uniforme de Recursos |
<a href="https://www.ciencia.gob.es/InfoGeneralPortal/detalle-publicacion/MICIU/Primer-foro-iberoamericano-de-investigacion-y-diseno.html">https://www.ciencia.gob.es/InfoGeneralPortal/detalle-publicacion/MICIU/Primer-foro-iberoamericano-de-investigacion-y-diseno.html</a> |
| Texto de enlace |
Versión en línea |
| Nota pública |
(Ministerio de Ciencia, Innovación y Universidades) |
| 942 ## - ELEMENTOS DE ENTRADA SECUNDARIOS (KOHA) |
| Tipo de ítem Koha |
Libro impreso |
| Suprimir en OPAC |
No |